| 000 | 00371nam a2200133Ia 4500 | ||
|---|---|---|---|
| 008 | 191201s2013 xx 000 0 und d | ||
| 082 |
_a004.16 _bRAM |
||
| 100 | _aGAONKAR, Ramesh | ||
| 245 | 0 | _aThe 8085 Microprocessor Architecture, Programming and Interfacing | |
| 260 |
_aN.Delhi _bPenram Interne pubg _c2013 |
||
| 300 | _a820 | ||
| 650 | _aB.Tech(CSE) | ||
| 942 |
_2ddc _cBK |
||
| 999 |
_c5748 _d5748 |
||